| 000 | 00386nam a2200133Ia 4500 | ||
|---|---|---|---|
| 008 | 211119s9999||||xx |||||||||||||| ||und|| | ||
| 082 |
_a332.6 _bKEV-P |
||
| 100 | _aKevin, S | ||
| 245 | 0 | _aPortfolio Management | |
| 260 |
_bPrentice-Hall of India _aNew Delhi _c2008 |
||
| 300 | _a224p. | ||
| 650 |
_aSocial SciencesFinancial Management _vEconomicsManagement _xMBA LIBRARY |
||
| 942 | _cBOOK | ||
| 999 |
_c104524 _d104524 |
||